000 00283nam a22001097a 4500
008 160518b xxu||||| |||| 00| 0 eng d
020 _a0910133360
041 _aeng
080 _a61
245 _aMedical uses of statistics:
_cJohn C. Bailar III; Frederick Mosteller;
942 _2udc
_cBK
999 _c2157
_d2157